[Event "HUN-chT1 Maroczy 2324"]
[Site "Hungary"]
[Date "2024.04.21"]
[Round "10.11"]
[White "Csala, Imre"]
[Black "Szaloki, Arpad"]
[Result "0-1"]
[WhiteElo "1953"]
[BlackElo "2000"]
[PlyCount "60"]
[EventDate "2023.10.08"]
[EventType "team-tourn"]
[EventRounds "11"]
[EventCountry "HUN"]
[SourceTitle "EXT 2025"]
[Source "ChessBase"]
[SourceDate "2024.10.14"]
[SourceVersion "1"]
[SourceVersionDate "2024.10.14"]
[SourceQuality "1"]
[WhiteTeam "Neumann Egyetem"]
[BlackTeam "Kisujszallas"]
[WhiteTeamCountry "HUN"]
[BlackTeamCountry "HUN"]

1. d4 d5 2. c4 c6 3. e3 Nf6 4. Nc3 e6 5. Nf3 Nbd7 6. Bd3 dxc4 7. Bxc4 b5 8. Bd3 a6 9. 0-0 Bd6 10. b3 0-0 11. Bb2 Bb7 12. Rc1 Rc8 13. Qe2 e5 14. Bf5 exd4 15. exd4 Re8 16. Qd1 Rc7 17. Re1 Nb6 18. Rxe8+ Qxe8 19. Qd2 Nbd5 20. Ne5 c5 21. Nxd5 Nxd5 22. Nd3 c4 23. Nc5 Bf4 24. Re1 Re7 25. Rxe7 Qxe7 26. Qd1 c3 27. Bc1 Qg5 28. Be4 Bxc1 29. Nxb7 Qd2 30. Qf1 c2 0-1

[Event "HUN-chT1 Maroczy 2324"]
[Site "Hungary"]
[Date "2024.03.03"]
[Round "7.10"]
[White "Csala, Imre"]
[Black "Kopasz, Robert"]
[Result "1/2-1/2"]
[WhiteElo "1953"]
[BlackElo "2235"]
[PlyCount "27"]
[EventDate "2023.10.08"]
[EventType "team-tourn"]
[EventRounds "11"]
[EventCountry "HUN"]
[SourceTitle "EXT 2025"]
[Source "ChessBase"]
[SourceDate "2024.10.14"]
[SourceVersion "1"]
[SourceVersionDate "2024.10.14"]
[SourceQuality "1"]
[WhiteTeam "Neumann Egyetem"]
[BlackTeam "Maroczy"]
[WhiteTeamCountry "HUN"]
[BlackTeamCountry "HUN"]

1. d4 Nf6 2. c4 e6 3. Nc3 Bb4 4. Qc2 d5 5. a3 Bxc3+ 6. Qxc3 0-0 7. Bg5 dxc4 8. Bxf6 Qxf6 9. Qxc4 e5 10. Nf3 exd4 11. Qxd4 Qg6 12. Ne5 Qe6 13. e3 Re8 14. Rd1 1/2-1/2

[Event "HUN-chT1 Maroczy 2324"]
[Site "Hungary"]
[Date "2023.11.26"]
[Round "4.10"]
[White "Csala, Imre"]
[Black "Kovacs, Tamas"]
[Result "1/2-1/2"]
[WhiteElo "1953"]
[BlackElo "2080"]
[PlyCount "72"]
[EventDate "2023.10.08"]
[EventType "team-tourn"]
[EventRounds "11"]
[EventCountry "HUN"]
[SourceTitle "EXT 2025"]
[Source "ChessBase"]
[SourceDate "2024.10.14"]
[SourceVersion "1"]
[SourceVersionDate "2024.10.14"]
[SourceQuality "1"]
[WhiteTeam "Neumann Egyetem"]
[BlackTeam "DVTK EMSE"]
[WhiteTeamCountry "HUN"]
[BlackTeamCountry "HUN"]

1. d4 Nf6 2. c4 e6 3. g3 d5 4. Bg2 Be7 5. Nf3 0-0 6. 0-0 Nbd7 7. cxd5 exd5 8. Nc3 c6 9. Qc2 Bd6 10. Nh4 Re8 11. Nf5 Bf8 12. Bf4 Nb6 13. Rad1 Ne4 14. f3 Nxc3 15. bxc3 Bxf5 16. Qxf5 Rxe2 17. Bh3 Qe7 18. Qd3 Re8 19. Be5 Rxa2 20. Rde1 Nc4 21. Qb1 Qa3 22. Bf4 Rae2 23. Rxe2 Rxe2 24. Qxb7 Qxc3 25. Qxa7 Ne3 26. Qa1 Rb2 27. Qc1 Qxc1 28. Rxc1 Nc4 29. Bd7 Rb6 30. Kg2 h6 31. Kh3 f6 32. Bc7 Ra6 33. Re1 Kh7 34. Re6 Nd2 35. f4 Nb3 36. Rxc6 Rxc6 1/2-1/2

[Event "HUN-chT1 Maroczy 2324"]
[Site "Hungary"]
[Date "2023.10.15"]
[Round "2.10"]
[White "Csala, Imre"]
[Black "Kelemen, Gabor"]
[Result "0-1"]
[WhiteElo "1953"]
[BlackElo "2099"]
[PlyCount "38"]
[EventDate "2023.10.08"]
[EventType "team-tourn"]
[EventRounds "11"]
[EventCountry "HUN"]
[SourceTitle "EXT 2025"]
[Source "ChessBase"]
[SourceDate "2024.10.14"]
[SourceVersion "1"]
[SourceVersionDate "2024.10.14"]
[SourceQuality "1"]
[WhiteTeam "Neumann Egyetem"]
[BlackTeam "Magyar Sakkvilag"]
[WhiteTeamCountry "HUN"]
[BlackTeamCountry "HUN"]

1. d4 Nf6 2. c4 e6 3. Nc3 Bb4 4. e3 c5 5. Bd3 Nc6 6. Nf3 d6 7. 0-0 Bxc3 8. bxc3 e5 9. Qc2 0-0 10. h3 Re8 11. d5 e4 12. dxc6 exf3 13. cxb7 Bxb7 14. g3 Re5 15. Re1 Qd7 16. Bf1 Be4 17. Qd1 Rh5 18. Ba3 Rxh3 19. Bxc5 Qf5 0-1

[Event "HUN-chT1 Maroczy 2324"]
[Site "Hungary"]
[Date "2023.10.08"]
[Round "1.11"]
[White "Csala, Imre"]
[Black "Karacsonyi, Bank"]
[Result "1-0"]
[WhiteElo "1953"]
[BlackElo "1914"]
[PlyCount "49"]
[EventDate "2023.10.08"]
[EventType "team-tourn"]
[EventRounds "11"]
[EventCountry "HUN"]
[SourceTitle "EXT 2025"]
[Source "ChessBase"]
[SourceDate "2024.10.14"]
[SourceVersion "1"]
[SourceVersionDate "2024.10.14"]
[SourceQuality "1"]
[WhiteTeam "Neumann Egyetem"]
[BlackTeam "Kobanya Aquarena II"]
[WhiteTeamCountry "HUN"]
[BlackTeamCountry "HUN"]

1. d4 Nf6 2. c4 e6 3. Nc3 Bb4 4. e3 b6 5. Bd3 Bb7 6. Nf3 0-0 7. 0-0 Bxc3 8. bxc3 d6 9. Qc2 Qe7 10. a4 Nc6 11. e4 e5 12. Nh4 exd4 13. Nf5 Qe8 14. cxd4 Nb4 15. Qd2 Nxd3 16. Qg5 Nh5 17. Qxh5 Bxe4 18. Nxg7 Kxg7 19. Bh6+ Kf6 20. Qh4+ Kf5 21. Bxf8 Qxf8 22. Qxh7+ Kf6 23. Qxe4 Nb4 24. Ra3 Qe8 25. Qh4+ 1-0

[Event "HUN-chT1 Maroczy 2223"]
[Site "Hungary"]
[Date "2023.03.26"]
[Round "8.10"]
[White "Csala, Imre"]
[Black "Koszta, Benedek"]
[Result "1-0"]
[WhiteElo "2042"]
[BlackElo "2158"]
[PlyCount "61"]
[EventDate "2022.11.20"]
[EventType "team-tourn"]
[EventRounds "9"]
[EventCountry "HUN"]
[SourceTitle "EXT 2025"]
[Source "ChessBase"]
[SourceDate "2024.10.14"]
[SourceVersion "1"]
[SourceVersionDate "2024.10.14"]
[SourceQuality "1"]
[WhiteTeam "Kecskemet TLSE"]
[BlackTeam "Maroczy"]
[WhiteTeamCountry "HUN"]
[BlackTeamCountry "HUN"]

1. d4 c5 2. d5 Nf6 3. Nc3 d6 4. e4 g6 5. Nf3 Bg4 6. Be3 Nbd7 7. a4 Bg7 8. Qd2 Bxf3 9. gxf3 Rb8 10. Be2 a6 11. 0-0 Qc7 12. a5 0-0 13. Bh6 c4 14. Bxg7 Kxg7 15. Ra4 Nc5 16. Rxc4 b5 17. axb6 Qxb6 18. b4 Ncd7 19. Ra1 Rfc8 20. Rxc8 Rxc8 21. Na4 Qc7 22. c4 Ne5 23. c5 Qd7 24. Nb6 Qh3 25. Nxc8 Nxf3+ 26. Bxf3 Qxf3 27. Qe3 Qg4+ 28. Kh1 Qxc8 29. Rc1 dxc5 30. bxc5 Qg4 31. c6 1-0

[Event "HUN-chT1 Maroczy 2122"]
[Site "Hungary"]
[Date "2022.02.13"]
[Round "8.8"]
[White "Csala, Imre"]
[Black "Valis, Janos"]
[Result "1/2-1/2"]
[WhiteElo "2049"]
[BlackElo "1902"]
[PlyCount "57"]
[EventDate "2021.10.10"]
[EventType "team-tourn"]
[EventRounds "11"]
[EventCountry "HUN"]
[SourceTitle "EXT 2025"]
[Source "ChessBase"]
[SourceDate "2024.10.14"]
[SourceVersion "1"]
[SourceVersionDate "2024.10.14"]
[SourceQuality "1"]
[WhiteTeam "Kecskemet TLSE"]
[BlackTeam "Hus"]
[WhiteTeamCountry "HUN"]
[BlackTeamCountry "HUN"]

1. d4 g6 2. e4 d6 3. Nc3 Bg7 4. Nf3 Nf6 5. h3 0-0 6. Be2 c6 7. a4 Qc7 8. Bf4 Nbd7 9. Qc1 e5 10. dxe5 dxe5 11. Bh6 Nc5 12. Bxg7 Kxg7 13. Qe3 Ne6 14. g3 b6 15. 0-0 Rd8 16. Rfd1 Bb7 17. Bc4 Re8 18. Rd2 Rad8 19. Rad1 Bc8 20. Kh2 Rxd2 21. Rxd2 a5 22. Bxe6 Rxe6 23. Qd3 Nd7 24. Kg2 f6 25. Ne1 Nc5 26. Qd8 Re7 27. Qd6 Ne6 28. Nf3 Kf7 29. h4 1/2-1/2

[Event "HUN-chT1 Maroczy 2122"]
[Site "Hungary"]
[Date "2021.11.21"]
[Round "4.9"]
[White "Pervai, Laszlo"]
[Black "Csala, Imre"]
[Result "1-0"]
[WhiteElo "1995"]
[BlackElo "2074"]
[PlyCount "55"]
[EventDate "2021.10.10"]
[EventType "team-tourn"]
[EventRounds "11"]
[EventCountry "HUN"]
[SourceTitle "EXT 2025"]
[Source "ChessBase"]
[SourceDate "2024.10.14"]
[SourceVersion "1"]
[SourceVersionDate "2024.10.14"]
[SourceQuality "1"]
[WhiteTeam "Hobagoly"]
[BlackTeam "Kecskemet TLSE"]
[WhiteTeamCountry "HUN"]
[BlackTeamCountry "HUN"]

1. e4 g6 2. d4 Bg7 3. Nc3 d6 4. Be3 Nc6 5. d5 Nb8 6. Nf3 c5 7. Bb5+ Kf8 8. a4 Nf6 9. h3 Na6 10. Bxa6 bxa6 11. 0-0 Nd7 12. Nd2 Rb8 13. Rb1 Rb4 14. Qe2 h6 15. f4 Kg8 16. e5 dxe5 17. fxe5 Bxe5 18. Bxc5 Bxc3 19. Qf2 Rh7 20. bxc3 Rxb1 21. Rxb1 Qa5 22. Bxe7 Qxd5 23. Re1 Rg7 24. Ne4 Kh7 25. Nd6 Bb7 26. c4 Qc6 27. Ne8 Qxc4 28. Rd1 1-0

[Event "HUN-chT1 Maroczy 2122"]
[Site "Hungary"]
[Date "2021.10.31"]
[Round "2.9"]
[White "Csala, Imre"]
[Black "Szabo, Kristof"]
[Result "1-0"]
[WhiteElo "2064"]
[BlackElo "2029"]
[PlyCount "143"]
[EventDate "2021.10.10"]
[EventType "team-tourn"]
[EventRounds "11"]
[EventCountry "HUN"]
[SourceTitle "EXT 2025"]
[Source "ChessBase"]
[SourceDate "2024.10.14"]
[SourceVersion "1"]
[SourceVersionDate "2024.10.14"]
[SourceQuality "1"]
[WhiteTeam "Kecskemet TLSE"]
[BlackTeam "Vasas"]
[WhiteTeamCountry "HUN"]
[BlackTeamCountry "HUN"]

1. d4 Nf6 2. Nc3 g6 3. e4 d6 4. Nf3 Bg7 5. h3 0-0 6. Be2 Nc6 7. Bg5 a6 8. a4 Nd7 9. d5 Nb4 10. 0-0 h6 11. Be3 c5 12. Qc1 Kh7 13. Nb1 a5 14. c3 Na6 15. Na3 Nb6 16. Nc4 Nxc4 17. Bxc4 Bd7 18. Nh2 Nc7 19. Ng4 h5 20. Nh2 Qe8 21. Bb3 b5 22. axb5 Bxb5 23. Re1 a4 24. Bd1 Bc4 25. Nf3 Qb5 26. g4 hxg4 27. hxg4 Rfb8 28. Nd2 Bd3 29. Ra2 Bc4 30. Ra3 e6 31. Bf4 Be5 32. Bxe5 dxe5 33. d6 Ne8 34. Nxc4 Qxc4 35. Kg2 Kg7 36. Rh1 Qxe4+ 37. Bf3 Qf4 38. Qxf4 exf4 39. Bxa8 Rxa8 40. d7 Nf6 41. Rxa4 Rd8 42. Rxf4 Rxd7 43. Rc4 Rd2 44. Rb1 Nd7 45. b4 cxb4 46. Rcxb4 Ne5 47. R1b2 Rd3 48. Re4 Kf6 49. Rbe2 Nc6 50. Rc4 Ne7 51. Rf4+ Kg7 52. Rf3 Rd7 53. Kf1 g5 54. Ke1 Nd5 55. c4 Nf4 56. Rc2 Nd3+ 57. Kf1 Nf4 58. Rc1 Kf6 59. Rb3 Ke7 60. Rb5 f6 61. c5 Rc7 62. f3 Kd7 63. Rb6 Nd5 64. Ra6 Nf4 65. Rc2 Rc8 66. Rc4 Rh8 67. c6+ Kc7 68. Ra7+ Kb8 69. Rb7+ Kc8 70. Ra4 Rh1+ 71. Kf2 Rh2+ 72. Kg1 1-0